A guide to real estate valuation (Record no. 26715)

MARC details
000 -LEADER
fixed length control field 00498nam a2200181Ia 4500
020 ## - INTERNATIONAL STANDARD BOOK NUMBER
ISBN 0608887016987
050 ## - CALL MARK
Classification number HD 1387 .P38/
100 ## - STATEMENT OF RESPONSIBILITY--MAIN AUTHOR NAME
Personal name Patunola-Ajayi, Bolarinde
245 #2 - TITLE STATEMENT
Title A guide to real estate valuation
260 ## - PUBLICATION, DISTRIBUTION, ETC. (IMPRINT)
Place of publication Lagos
260 ## - PUBLICATION, DISTRIBUTION, ETC. (IMPRINT)
Name of publisher Climax Communications Ltd.
260 ## - PUBLICATION, DISTRIBUTION, ETC. (IMPRINT)
Year of publication 2018
300 ## - PHYSICAL DESCRIPTION
Number of Pages 141 p
650 ## - SUBJECT ADDED ENTRY--TOPICAL TERM
Topical Term Real property--Valuation. Real property--Valuation--United States.
942 ## - ADDED ENTRY ELEMENTS (KOHA)
Koha item type Books
Holdings
Withdrawn status Lost status Source of classification or shelving scheme Damaged status Not for loan Permanent Location Current Location Shelving location Date acquired Full call number Accession Number Price effective from Koha item type
    Library of Congress Classification     NILE UNIVERSITY OF NIGERIA - MAIN LIBRARY NILE UNIVERSITY OF NIGERIA - MAIN LIBRARY Items on shelf 04/23/2025 HD 1387 .P38 0195791 04/23/2025 Books